Airlines That Serve Vancouver (YVR) - Statistics

General Stats
  • This quiz has been taken 65 times
  • The average score is 34 of 54
Answer Stats
Country Answer % Correct
Canada Air Canada
97%
Germany Lufthansa
97%
China Air China
94%
USA American Airlines
94%
Mexico Aeromexico
91%
Taiwan China Airlines
91%
USA Delta Air Lines
91%
South Korea Korean Air
91%
France Air France
88%
India Air India
88%
Netherlands KLM
88%
Turkey Turkish Airlines
88%
New Zealand Air New Zealand
85%
Hong Kong Cathay Pacific
85%
Japan Japan Airlines
85%
Australia Qantas
85%
UK British Airways
82%
Iceland Icelandair
82%
USA United Airlines
82%
Canada Westjet
79%
Philippines Philippine Airlines
76%
Taiwan EVA Air
76%
USA Alaska Airlines
74%
China China Southern Airlines
74%
Japan All Nippon Airways
71%
China China Eastern Airlines
71%
China Hainan Airlines
68%
Canada Air Canada Rouge
65%
Canada Air Transat
65%
Germany Condor
65%
China XiamenAir
65%
Canada Air Canada Express
59%
Canada Flair Airlines
59%
Canada Air North
53%
USA United Express
53%
USA American Eagle
50%
Switzerland Edelweiss Air
50%
China Sichuan Airlines
50%
USA Delta Connection
44%
Canada Westjet Encore
44%
China Beijing Capital Airlines
38%
Canada Sunwing Airlines
32%
Canada Harbour Air
29%
Canada HeliJet
26%
Canada Pacific Coastal Airlines
26%
Canada Pacific Seaplanes
26%
Canada Seair Seaplanes
26%
USA Sun Country Airlines
26%
Canada Central Mountain Air
24%
Canada Corilair
24%
Canada Salt Spring Air
24%
Canada Tofino Air
24%
Canada Gulf Island Seaplanes
21%
Canada Sunshine Coast Air
21%
No matching quizzes found
Score Distribution
Percent of People with Each Score
Percentile by Number Answered
Your Score History
You have not taken this quiz